[Event "Hetauda Metropolitan-ch U21"]
[Site "Hetauda"]
[Date "2021.03.27"]
[Round "7"]
[White "Lama, Surbir"]
[Black "Shrestha, Ashok Mohan"]
[Result "1-0"]
[WhiteElo "1965"]
[BlackElo "1845"]
[PlyCount "74"]
[EventDate "2021.03.24"]
[EventType "swiss"]
[EventRounds "7"]
[EventCountry "NEP"]
[SourceTitle "EXT 2022"]
[Source "ChessBase"]
[SourceDate "2021.10.06"]
[SourceVersion "1"]
[SourceVersionDate "2021.10.06"]
[SourceQuality "1"]

1. d4 d5 2. Nf3 c6 3. Bf4 Nf6 4. e3 e6 5. Nbd2 Bd6 6. Ne5 Qc7 7. Bd3 Nbd7 8. Nxd7 Bxd7 9. Bxd6 Qxd6 10. Qf3 Ke7 11. 0-0-0 c5 12. dxc5 Qxc5 13. g4 Rac8 14. g5 Ne8 15. Nb3 Qc7 16. Kb1 Nd6 17. Qg3 a5 18. a3 b5 19. Qh4 a4 20. Nc1 Ne4 21. Na2 Qe5 22. Rhg1 g6 23. Nb4 f5 24. f4 Qg7 25. Bxe4 fxe4 26. Rd4 Kd6 27. Rgd1 Rc4 28. R4d2 Rhc8 29. Nxd5 exd5 30. Rxd5+ Kc6 31. Rd6+ Kc7 32. Rxd7+ Qxd7 33. Rxd7+ Kxd7 34. Qxh7+ Kd8 35. f5 b4 36. Qg8+ Kd7 37. Qe6+ Kd8 1-0